Humboldt/ (Record no. 3732)

MARC details
000 -LEADER
campo de control de longitud fija 01876nam a22003377a 4500
003 - IDENTIFICADOR DE NÚMERO DE CONTROL
campo de control OSt
005 - FECHA Y HORA DE LA ÚLTIMA TRANSACCIÓN
campo de control 20230525103020.0
008 - DATOS DE LONGITUD FIJA--INFORMACIÓN GENERAL
campo de control de longitud fija 221006b |||||||| |||| 00| 0 eng d
040 ## - FUENTE DE CATALOGACIÓN
Centro/agencia transcriptor Biblioteca Lado V
082 ## - NÚMERO DE LA CLASIFICACIÓN DECIMAL DEWEY
Número de clasificación 700
Número de ítem G599h
110 ## - ENTRADA PRINCIPAL--NOMBRE DE ENTIDAD CORPORATIVA
9 (RLIN) 831
Nombre de entidad corporativa o nombre de jurisdicción como elemento de entrada Goethe-Institut
Término indicativo de función/relación Editor
245 ## - MENCIÓN DEL TÍTULO
Título Humboldt/
260 ## - PUBLICACIÓN, DISTRIBUCIÓN, ETC.
Nombre del editor, distribuidor, etc. SDV Saarbrucker Druckerei und Verlag GmbH
Fecha de publicación, distribución, etc. 2002
Lugar de publicación, distribución, etc. Alemania
300 ## - DESCRIPCIÓN FÍSICA
Dimensiones 21x28cm
Extensión 80p.
366 ## - INFORMACIÓN SOBRE DISPONIBILIDAD COMERCIAL
Nota spa
490 ## - MENCIÓN DE SERIE
Mención de serie 136
Designación de volumen o secuencia 44
Número Internacional Normalizado para Publicaciones Seriadas 0018-7615
505 ## - NOTA DE CONTENIDO CON FORMATO
Nota de contenido con formato Iniciando caminos por la vida
Información miscelánea Nunca antes hubo tanta juventud<br/><br/>El regreso de la inmortalidad<br/><br/>El bebe perfecto<br/><br/>Primero andar, después montar en bicicleta<br/><br/>Hijas y ahijadas de Garcia Marquez<br/><br/>El hijo desaparecido<br/><br/>Estos niños buscan a sus padres<br/><br/>Un mundo para Julius<br/><br/>Una infancia en Argentina<br/><br/>Recuerdos de los años adolescentes en Brasil<br/><br/>El kitsch cuasi-religioso de los pokemons<br/><br/>Los hombre jóvenes quieren ser héroes
505 ## - NOTA DE CONTENIDO CON FORMATO
Nota de contenido con formato Notas
Información miscelánea Teatro total<br/><br/>Escriba que esto es muy bonito<br/><br/>Culture first<br/><br/>Por el oido entramos<br/><br/>La colifata<br/><br/>Juicio final brasileño en una prision alemana<br/><br/>Imagenes engañosas?<br/>
505 ## - NOTA DE CONTENIDO CON FORMATO
Nota de contenido con formato Miscelanea
Información miscelánea paginas inéditas de Jorge Luis<br/><br/>Mostrar las ventajas<br/><br/>Rostros<br/><br/>El cuerpo como metáfora de la sociedad<br/><br/>
505 ## - NOTA DE CONTENIDO CON FORMATO
Nota de contenido con formato Noticiario
650 ## - PUNTO DE ACCESO ADICIONAL DE MATERIA--TÉRMINO DE MATERIA
Fuente del encabezamiento o término Tesauro de Arte & Arquitectura
Término de materia o nombre geográfico como elemento de entrada ARTE
9 (RLIN) 703
650 ## - PUNTO DE ACCESO ADICIONAL DE MATERIA--TÉRMINO DE MATERIA
Fuente del encabezamiento o término Tesauro de Arte & Arquitectura
Término de materia o nombre geográfico como elemento de entrada PINTURA
650 ## - PUNTO DE ACCESO ADICIONAL DE MATERIA--TÉRMINO DE MATERIA
Fuente del encabezamiento o término Tesauro de Arte & Arquitectura
Término de materia o nombre geográfico como elemento de entrada FOTOGRAFIA
9 (RLIN) 702
650 ## - PUNTO DE ACCESO ADICIONAL DE MATERIA--TÉRMINO DE MATERIA
Fuente del encabezamiento o término Tesauro de Arte & Arquitectura
Término de materia o nombre geográfico como elemento de entrada ENTREVISTAS
650 ## - PUNTO DE ACCESO ADICIONAL DE MATERIA--TÉRMINO DE MATERIA
Fuente del encabezamiento o término Tesauro de Arte & Arquitectura
Término de materia o nombre geográfico como elemento de entrada MISCELANEA
650 ## - PUNTO DE ACCESO ADICIONAL DE MATERIA--TÉRMINO DE MATERIA
Fuente del encabezamiento o término Tesauro de Arte & Arquitectura
Término de materia o nombre geográfico como elemento de entrada REPORTAJES
650 ## - PUNTO DE ACCESO ADICIONAL DE MATERIA--TÉRMINO DE MATERIA
Fuente del encabezamiento o término Tesauro de Arte & Arquitectura
Término de materia o nombre geográfico como elemento de entrada ESPAÑOL
650 ## - PUNTO DE ACCESO ADICIONAL DE MATERIA--TÉRMINO DE MATERIA
Fuente del encabezamiento o término Tesauro de Arte & Arquitectura
Término de materia o nombre geográfico como elemento de entrada ARTE EUROPEO
651 ## - PUNTO DE ACCESO ADICIONAL DE MATERIA--NOMBRE GEOGRÁFICO
Fuente del encabezamiento o término Tesauro de Arte & Arquitectura
Nombre geográfico ALEMANIA
942 ## - ELEMENTOS DE ENTRADA SECUNDARIOS (KOHA)
Fuente del sistema de clasificación o colocación Clasificación Decimal Dewey
Tipo de ítem Koha Libros
Parte de la signatura que corresponde a la clasificación (Parte de la clasificación) 700
Parte de la signatura que identifica el ejemplar (Parte del ítem) G599h
Suprimir en OPAC No
Holdings
Estatus retirado Estado de pérdida Fuente del sistema de clasificación o colocación Especificación de materiales (volumen encuadernado u otra parte) Estado de daño No para préstamo Colección Biblioteca de origen Biblioteca actual Fecha de adquisición Enumeración/cronología de publicación seriada Número de inventario Total de préstamos Signatura topográfica completa Código de barras Visto por última vez Precio de reemplazo Tipo de ítem Koha
    Clasificación Decimal Dewey 44     Revistas Biblioteca LadoV Biblioteca LadoV 25/05/2023 136 003409   700 G599h 003409 25/05/2023 25/05/2023 Libros